El impuesto a los reditos (Registro nro. 1896)
[ vista simple ]
| 000 -LEADER | |
|---|---|
| fixed length control field | 01793 a2200205 4500 |
| 001 - CONTROL NUMBER | |
| control field | 29580 |
| 005 - DATE AND TIME OF LATEST TRANSACTION | |
| control field | 20260407155605.0 |
| 008 - FIXED-LENGTH DATA ELEMENTS--GENERAL INFORMATION | |
| fixed length control field | 260407a1961 arg spa d |
| 003 - CONTROL NUMBER IDENTIFIER | |
| control field | AR-UNSa-BCEJYS |
| 040 ## - CATALOGING SOURCE | |
| Original cataloging agency | AR-UNSa-BCEJYS |
| Language of cataloging | spa |
| Transcribing agency | AR-UNSa-BCEJYS |
| 080 ## - UNIVERSAL DECIMAL CLASSIFICATION NUMBER | |
| Universal Decimal Classification number | 336.226.1 |
| Common auxiliary subdivision | Impuestos a las ganancias o los beneficios (Impuesto Diferido) |
| 041 ## - LANGUAGE CODE | |
| Language code of text/sound track or separate title | spa |
| 100 1# - MAIN ENTRY--PERSONAL NAME | |
| Personal name | Reig, Enrique Jorge |
| 245 10 - TITLE STATEMENT | |
| Title | El impuesto a los reditos |
| Name of part/section of a work | estudio teórico-práctico del gravamen argentino, dentro de la teoría general del impuesto |
| 264 #1 - PRODUCTION, PUBLICATION, DISTRIBUTION, MANUFACTURE, AND COPYRIGHT NOTICE | |
| Place of production, publication, distribution, manufacture | Buenos Aires : |
| Name of producer, publisher, distributor, manufacturer | Ediciones Contabilidad Moderna |
| Date of production, publication, distribution, manufacture, or copyright notice | 1961 |
| 300 ## - PHYSICAL DESCRIPTION | |
| Extent | 685 p. |
| Dimensions | 23 cm. |
| 505 ## - FORMATTED CONTENTS NOTE | |
| Formatted contents note | 1. Teoría general y antecedentes argentinos - 2. Objeto del impuesto - 3. Fuente Argentina - 4. Clasificación y análisis de los réditos imponibles - 5. Sujeto del impuesto - 6. Deducciones personales y exenciones - 7. Contabilidad fiscal - 8. Normas generales sobre determinación del rédito - 9. Determinación del rédito de la primera categoría - 10. Determinación del rédito de la segunda categoría - 11. Determinación del rédito de la tercera categoría. Aspectos generales - 12. Amortizaciones - 13. Valuación de las mercaderías en los inventarios - 14. Malos créditos - 15. Previsiiones y reservas - 16. Diferencias de cambio en operaciones en moneda extranjera - 17. Determinación del rédito en la cuarta categoría - 18. Deducciones por inversión y revalúo de activos - 19. Explotaciones agropecuarias - 20. Operaciones inmobiliarias y construcciones - 21. Tratamientos de los réditos de las sociedades de capital y sus accionistas - 22. Problemas derivados de la transformación de empresas - 23. Retención e información - 24. Liquidación e ingresos del impuesto |
| 590 ## - LOCAL NOTE (RLIN) | |
| Local note | niveau_biblio:m niveau_hierar:0 |
| 942 ## - ADDED ENTRY ELEMENTS (KOHA) | |
| Koha item type | |
| Withdrawn status | Lost status | Damaged status | Not for loan | Home library | Current library | Shelving location | Date acquired | Total checkouts | Full call number | Barcode | Date last seen | Price effective from | Koha item type |
|---|---|---|---|---|---|---|---|---|---|---|---|---|---|
| Biblioteca Prof. Eusebio Cleto del Rey | Biblioteca Prof. Eusebio Cleto del Rey | 07/04/2026 | 336.226.1 R361r | L20163 | 07/04/2026 | 07/04/2026 | Libro | ||||||
| Biblioteca Prof. Eusebio Cleto del Rey | Biblioteca Prof. Eusebio Cleto del Rey | 07/04/2026 | 336.226.1 R361r | L20164 | 07/04/2026 | 07/04/2026 | Libro |